Hipertensión arterial (Record no. 113904)

MARC details
000 -LEADER
campo de control de longitud fija 00598nam a2200169 4500
001 - NÚMERO DE CONTROL
campo de control 113904
003 - IDENTIFICADOR DE NÚMERO DE CONTROL
campo de control ES-MaACL
007 - CAMPO FIJO DE DESCRIPCIÓN FÍSICA--INFORMACIÓN GENERAL
campo de control de longitud fija t|
008 - DATOS DE LONGITUD FIJA--INFORMACIÓN GENERAL
campo de control de longitud fija 061121s1946 ag r ||||1| spa d
100 1# - ENTRADA PRINCIPAL--NOMBRE DE PERSONA
Nombre de persona Page, Irvine H.
9 (RLIN) 88265
245 10 - MENCIÓN DEL TÍTULO
Título Hipertensión arterial
Resto del título : su diagnóstico y tratamiento /
Mención de responsabilidad, etc. Irvine H. Page y Arthur Curtis Corcoran ; versión castellana del Dr.Juan A. Gamalero.
260 ## - PUBLICACIÓN, DISTRIBUCIÓN, ETC.
Lugar de publicación, distribución, etc. Buenos Aires :
Nombre del editor, distribuidor, etc. `Alfa`,
Fecha de publicación, distribución, etc. 1946.
300 ## - DESCRIPCIÓN FÍSICA
Extensión 364 p. 5 lám. :
Otras características físicas il ;
Dimensiones 24 cm.
700 1# - ENTRADA AGREGADA--NOMBRE PERSONAL
Nombre de persona Curtis Corcoran, Arthur.
9 (RLIN) 42250
700 1# - ENTRADA AGREGADA--NOMBRE PERSONAL
Nombre de persona Gamalero, Juan A.
9 (RLIN) 53739
852 ## - LOCALIZACIÓN
Ubicación ES-MaACL
Número de control de estantería E-2069
Sublocalización o colección R.23047
Holdings
Estatus retirado Estado de pérdida Estado de daño No para préstamo Biblioteca de origen Biblioteca actual Ubicación en estantería Fecha de adquisición Fuente de adquisición Total de préstamos Signatura topográfica completa Código de barras Visto por última vez Precio de reemplazo Tipo de ítem Koha
        Biblioteca del Ateneo de Madrid Biblioteca del Ateneo de Madrid Depósito 2 17/01/2008     E-2069 1118792 23/02/2023 23/02/2023 Libro impreso